000 01182cab a2200337 4500
001 ABS56741
008 090401t1997 xxu||||| |||| 00| 0 eng d
035 _a(Sirsi) u77360
041 _aeng
100 _aTurney, B.
245 _aReducing the risk for landlords
260 _c1997
350 _a0
490 _aValuer (ISVA)
_v66(2) March/April 1997, 22(1)
520 _aExamines how landlords can reduce the risks of residential lettings by checking the references of potential tenants with a professional assessment service, or by taking out protection policies with a company like Rent & Legal.
650 _aHOUSING ACT 1988
650 _aHOUSING ACT 1996
650 _aLANDLORDS
650 _aLETTING AGENTS
650 _aPRIVATE RENTED SECTOR
650 _aPROTECTION POLICIES
650 _aREFERENCES
650 _aRENT & LEGAL
650 _aREPOSSESSION
650 _aPROPERTY-RESIDENTIAL PROPERTY-RESIDENTIAL LANDLORD AND TENANT-RESIDENTIAL TENANCIES
650 _aRISK ASSESSMENT
650 _aTENANTS
690 _aPROPERTY-RESIDENTIAL PROPERTY-RESIDENTIAL LANDLORD AND TENANT-RESIDENTIAL TENANCIES
942 _n0
948 _c25/03/1997
999 _c48637
_d48637